| 000 | 00519nam a22001577a 4500 | ||
|---|---|---|---|
| 005 | 20180829165840.0 | ||
| 008 | 120127t xxu||||| |||| 00| 0 eng d | ||
| 020 |
_a81834800016 _cRs 300.00 |
||
| 035 | _aB-229382,B-229360 | ||
| 040 |
_aDPL _bENG |
||
| 100 |
_aMittal, D _940251 |
||
| 245 |
_aArihant self study guide NIFT NID IIFT : _bEntrance examination _cby D Mittal et al |
||
| 260 |
_aMeerut _bArihant Publication (India) Pvt Ltd |
||
| 300 |
_avarious pages _c28 cms |
||
| 942 |
_2ddc _cEN _h000 _mARI |
||
| 999 |
_c61582 _d61582 |
||